Missing Word: Films Set on Planes Quiz Stats

 Plays Quiz Updated Nov 30, 2018

Support Sporcle.
Go Orange.
Score 0/20 Timer 05:00
0 Plays Today
Title Missing Word % Correct
Die ____ 2Hard
97.7%
Air ____ OneForce
97.6%
____ Me If You CanCatch
97%
Top ____Gun
96%
____ on a PlaneSnakes
91.5%
____ HarborPearl
91%
____ AirCon
85.8%
____ DestinationFinal
84.9%
____ of the PhoenixFlight
83.6%
____ II: The SequelAirplane
78.1%
Title Missing Word % Correct
The ____ of St. LouisSpirit
75.3%
____ in the AirUp
68.8%
____ 93Flight / United
68.3%
Memphis ____Belle
62.5%
The ____ and the MightyHigh
56.9%
____ BehindLeft
53.6%
Rescue ____Dawn
52%
____ '77Airport
50.4%
____ DecisionExecutive
29.7%
Red ____Eye
19.9%

Today's Daily Dose

From the Vault

Movie Transformations

by MovieGuru

Movies 8m
People in movies are always being transmogrified in horrible ways.
Remove Ads.
Support Sporcle.
Get the best of Sporcle when you Go Orange. This ad-free experience offers more features, more stats, and more fun while also helping to support Sporcle. Thank you for becoming a member.

Show Comments

Extras

Top Quizzes Today


Score Distribution

Your Account Isn't Verified!

In order to create a playlist on Sporcle, you need to verify the email address you used during registration. Go to your Sporcle Settings to finish the process.

Report this User

Report this user for behavior that violates our Community Guidelines.

Details: